00651nam a2200157 a 450000100100000000500170001000800410002704000250006808200160009324500540010926001080016330000270027171000640029895201140036299900170047600002584220200930024106.0110223s2000 dr a r 000 0 spa d aDO-SdBNPbspacBNPHU axxxxbR426L00aContra la violencia intrafamiliar :bley 24-97 /. aSanto Domingo :bJunta de Audiencia y Proyecto Cultural y SolidaridadbFISOE,c2000.fImpreso Novecento a48 p. :bil. ;c21 cm.2 aFundación para la Integración Social y Educativa952673 0010718PDaPDbPDcCTd2011-02-23iLF1l0oxxxx R426Lp25842-10r2020-06-25w2020-06-25yLFPDZNo se presta c25334d25334